00724nam a2200253 a 4500001001300000003000900013005001700022008004100039020000900080082001600089100002500105245003700130260003500167300000900202500003500211505001000246650002300256650001900279700002500298902000800323942000700331952011500338999001700453nice12345678IN_TiNIC20260116013449.0050524s1997 hyda grp 000 0 urd  ac5000a954.04bSHA aShameem, Syed Yaqoob aIqbal Awr Tahreek-E-Azadi-E-Hind aHyderabadbIqbal Academyc1997 a119p aincludes index and biblioraphy2 aIndex aIndia-Independence aIqbal-Movement1 aShameem, Syed Yaqoob bSRS cBK 001040708StackRoom-aHMIbHMId2007-04-05g50.00l0o954.04 SHAp017900r2007-04-05v50.00w2005-05-24yBK c11080d11080